000 00308nam a2200133Ia 4500
100 _aBanks/Alex/ Porcello/Eve
942 _cBK
366 _f20
654 _aReact
245 _alearning React: Functional web development with react and Redux
260 _b#N/A
_c2021
300 _a335
546 _aENGLISH
999 _c22684
_d22684